000 00218 a2200097 4500
001 27752
100 _aBlumenthal, L A
245 _aThe art of letter writing
260 _a
_bGrosset & Dunlop
_c
090 _c18540
_d18540
942 _aNUST-CAE
_cM
_c9492
999 _c262825
_d262825